[Event "Saint Louis Winter Blitz"]
[Site "Saint Louis"]
[Date "2023.12.20"]
[Round "9.1"]
[White "Oparin, Grigoriy"]
[Black "Batsuren, Dambasuren"]
[Result "1-0"]
[WhiteElo "2667"]
[BlackElo "2523"]
[PlyCount "84"]
[EventDate "2023.12.20"]
[EventType "schev (blitz)"]
[EventRounds "12"]
[EventCountry "USA"]
[SourceTitle "CB52_2023"]
[SourceDate "2023.12.27"]
[SourceVersion "1"]
[SourceVersionDate "2023.12.27"]
[SourceQuality "1"]
[WhiteTeam "Team A"]
[BlackTeam "Team B"]
[WhiteTeamCountry "USA"]
[BlackTeamCountry "USA"]

1. e4 Nc6 2. Nf3 d6 3. d4 Nf6 4. Bd3 Nb4 5. 0-0 Nxd3 6. Qxd3 g6 7. Re1 Bg7 8. Nc3 0-0 9. h3 c6 10. Bf4 d5 11. exd5 cxd5 12. Qe3 Re8 13. Nb5 Ne4 14. Bh2 e5 15. dxe5 Bd7 16. Nbd4 Qb6 17. Qb3 Qxb3 18. axb3 a6 19. Ra5 Be6 20. c3 b6 21. Raa1 Bd7 22. b4 h5 23. Rad1 g5 24. Nd2 Nxd2 25. Rxd2 a5 26. bxa5 Rxa5 27. f3 Rea8 28. g4 hxg4 29. hxg4 Ra2 30. Kg2 Bf8 31. Bg1 b5 32. Be3 Be7 33. Nf5 Bd8 34. Ree2 Be6 35. Nd4 Bd7 36. Bf2 Kh7 37. e6 fxe6 38. Nxe6 Bf6 39. Nxg5+ Bxg5 40. Rxd5 Bc6 41. Rxg5 Rf8 42. Re7+ Kh6 1-0

[Event "Saint Louis Winter"]
[Site "Saint Louis"]
[Date "2023.12.18"]
[Round "6.1"]
[White "Chandra, Akshat"]
[Black "Oparin, Grigoriy"]
[Result "1/2-1/2"]
[WhiteElo "2486"]
[BlackElo "2667"]
[PlyCount "40"]
[EventDate "2023.12.16"]
[EventType "schev"]
[EventRounds "6"]
[EventCountry "USA"]
[SourceTitle "CB52_2023"]
[SourceDate "2023.12.27"]
[SourceVersion "1"]
[SourceVersionDate "2023.12.27"]
[SourceQuality "1"]
[WhiteTeam "Team B"]
[BlackTeam "Team A"]
[WhiteTeamCountry "USA"]
[BlackTeamCountry "USA"]

1. d4 Nf6 2. c4 e6 3. Nc3 Bb4 4. Qc2 b6 5. e4 c5 6. a3 Bxc3+ 7. bxc3 Bb7 8. Bd3 b5 9. Qb1 cxd4 10. cxd4 bxc4 11. Qxb7 cxd3 12. Qxa8 Qb6 13. Ra2 0-0 14. Rb2 d2+ 15. Kxd2 Qxd4+ 16. Ke1 Qc3+ 17. Kd1 Qd3+ 18. Ke1 Qc3+ 19. Kd1 Qd3+ 20. Ke1 Qc3+ 1/2-1/2